| 000 | 005690000a22001930004500 | ||
|---|---|---|---|
| 090 |
_aAR _b01764 |
||
| 245 | 1 | 0 | _aResponse of rodents to habitat fragmentation in coastal southern California |
| 650 | 1 | 4 |
_aEcología del paisaje _992227 |
| 650 | 1 | 4 |
_aRoedores _97408 |
| 650 | 1 | 4 |
_aEvolución _992797 |
| 651 | 4 |
_dCalifornia _pEstados Unidos _992749 |
|
| 653 | _gNeotoma | ||
| 653 | _gPeromyscus | ||
| 653 | _gPerognathus | ||
| 041 | 0 | _aInglés | |
| 100 | 1 |
_aBolger, Douglas T. _995205 |
|
| 942 | _cARTICULO | ||
| 773 | 1 |
_tEcological Applications _3153 _h2 _q552-563 _d1997 _g7 |
|
| 999 |
_c10842 _d10842 |
||